Výdavky na rekvalifikáciu nezamestnaných sa majú oproti minulému roku zdvojnásobiť
Zvýšenie podielu rekvalifikácie ako priorita trhu práce SR v r.1997. Rekvalifikácia ako jeden z najefektívnejších nástrojov aktívnej politiky zamestnanosti. Dôraz na pomoc regiónom s najvyššou nezamestnanosťou. Sporná efektívnosť podpory verejnoprospešných prác.
Uložené v:
| Hlavný autor: | |
|---|---|
| Médium: | Kapitola |
| Jazyk: | Slovak |
| Predmet: | |
| Tagy: |
Žiadne tagy, Buďte prvý, kto otaguje tento záznam!
|
MARC
| LEADER | 00000naa a2200000 4500 | ||
|---|---|---|---|
| 001 | r026342 | ||
| 005 | 20230921080353.9 | ||
| 041 | 0 | |a slo | |
| 044 | |a SK | ||
| 245 | 1 | 0 | |a Výdavky na rekvalifikáciu nezamestnaných sa majú oproti minulému roku zdvojnásobiť |c M. Velecký |
| 520 | |a Zvýšenie podielu rekvalifikácie ako priorita trhu práce SR v r.1997. Rekvalifikácia ako jeden z najefektívnejších nástrojov aktívnej politiky zamestnanosti. Dôraz na pomoc regiónom s najvyššou nezamestnanosťou. Sporná efektívnosť podpory verejnoprospešných prác. | ||
| 610 | 2 | 0 | |a rekvalifikácia |
| 610 | 2 | 0 | |a nezamestnanosť |
| 610 | 2 | 0 | |a výdavky |
| 610 | 2 | 0 | |a politika zamestnanosti |
| 610 | 2 | 0 | |a trh práce |
| 610 | 2 | 0 | |a Slovensko |
| 610 | 2 | 0 | |a 1997 |
| 610 | 2 | 0 | |a regióny |
| 610 | 2 | 0 | |a práce verejnoprospešné |
| 100 | 1 | |a Velecký, M. | |